000 00861nam a2200277 i 4500
003 DO-SdBNP
005 20240712115837.0
007 ta
008 240712b2001 pr 001 0 spa d
020 _a0847701190
040 _aDO-SdBNP
_bspa
_cBNPHU
_erda
082 4 _aPR 861
_bF475d
_222
100 _aFigueroa Cardona, Iris
_eautora
_d1974-
_974641
245 1 0 _aDesnudos al sur /
_cIris Figueroa Cardona.
264 _aSan Juan, P.R. :
_bUniversidad de Puerto Rico,
_c2001.
300 _a60 páginas :
_c22 cm.
336 _2rdacontent
_atexto
_btxt
337 _2rdamedia
_asin mediación
_bnc
338 _2rdacarrier
_avolumen
_bnc
490 1 _aLuna nueva
_v3
490 1 _aCuadernos La torre
500 _aIncluye datos biografícos de la autora en la contraportada
590 _aInventariado, 2024/ YL
910 _aYlockward
942 _2ddc
_cLBS1
999 _c57284
_d57284